000 01528cam a22001814a 4500
005 20250605164358.0
008 250528s ||||||||||||||||||||||||d
035 _a24419
040 _aGR-AtMCL
_bgre
_dGR-AtMCL
_eAACR2
245 1 _aΈρευνα Ε.Β.Ε.Α.: Το Φαινόμενο του Airbnb στην Αθήνα και η Σχέση του με τον Ξενοδοχειακό Κλάδο / Το Μεγάλο Στοίχημα για τον Τουρισμό
260 _bΕμπορικό Και Βιομηχανικό Επιμελητήριο Αθηνών,
_c2020
300 _a64
520 _aΠαρέμβαση Ε.Β.Ε.Α. στην Επιτροπή Εμπορίου της Βουλής για το Νομοσχέδιο του Υπουργείου Τουρισμού, Ρηχότερη αλλά με Χρονοκαθυστέρηση η Ύφεση στην Ελλάδα, Το Μεγάλο Στοίχημα για τον Τουρισμό, Ερωτήσεις και Απαντήσεις για τον Μεγάλο Περίπατο της Αθήνας, Το Διπλό Στοίχημα των Διοικήσεων των Ελληνικών Τραπεζών, Με Υπερπροσπάθεια Διατηρούνται οι Εξαγωγικοί Ρυθμοί, Η Μετάβαση στην Ηλεκτροκίνηση και οι Στόχοι για Καθαρά Λεωφορεία.
700 1 _aΜίχαλος Κωνσταντίνος
_94319
942 _cCR
999 _c9302
_d9302